Republic of Ireland counties-Galway City - Statistics

General Stats
  • This quiz has been taken 7 times
  • The average score is 8 of 16
Answer Stats
Hint Answer % Correct
Traditional rihg used to symbolise both friendships and marriage; it has become a symbol of Ireland Claddagh ring
83%
Public park in the city centre, with sculptures and banners Eyre Square
83%
Unrelated songs with the same name by Steve Earle and Ed Sheeran Galway Girl
83%
Energetic and pleasant seaside resort that forms part of the city Salthill
83%
Brick archways located along the quayside which originally formed part of the city's walls Spanish Arch
83%
Cultural and historical centre featuring cobblestone streets, colourful buildings and lively pubs Latin Quarter
67%
These 14 what are the origin of the city's most popular nickname Tribes
67%
Queen's College was founded in 1845; what is it better known as today? University of Galway
67%
Traditional wooden fishing boat found in Galway Bay Hooker
50%
Galway hosts this film festival every year Fleadh
33%
Wife of James Joyce; the workhouse she was born in is now Ireland's smallest museum Nora Barnacle
33%
Actress best known for her roles in Derry Girls and Bridgerton Nicola Coughlan
17%
Popular seafood that is celebrated in a festival every February Oysters
17%
Literary festival held every year in the city Cúirt
0%
Folk singer and musician who lives in the city Dolores Keane
0%
The Roman Catholic Cathedral of our Lady Assumed into Heaven and St Nicholas opened in 1965 and was built on the site of the city's former? Prison
0%
No matching quizzes found
Score Distribution
Percent of People with Each Score
Percentile by Number Answered
Your Score History
You have not taken this quiz